Memoria del Ministro de Marina : (Record no. 182878)

MARC details
000 -LEADER
campo de control de longitud fija 00874nas a2200241 i 4500
001 - NÚMERO DE CONTROL
campo de control 182878
003 - IDENTIFICADOR DE NÚMERO DE CONTROL
campo de control ES-MaACL
005 - FECHA Y HORA DE LA ÚLTIMA TRANSACCIÓN
campo de control 20250217134910.0
008 - DATOS DE LONGITUD FIJA--INFORMACIÓN GENERAL
campo de control de longitud fija 131121d1881 cl a| | ||pa d
022 ## - NÚMERO INTERNACIONAL NORMALIZADO PARA PUBLICACIONES SERIADAS
Número Internacional Normalizado para Publicaciones Seriadas 9961-8710
080 ## - NÚMERO DE LA CLASIFICACIÓN DECIMAL UNIVERSAL
Número de la Clasificación Decimal Universal 354.71(83)(060.55)
110 1# - ENTRADA PRINCIPAL--NOMBRE DE ENTIDAD CORPORATIVA
Nombre de entidad corporativa o nombre de jurisdicción como elemento de entrada Chile.
Unidad subordinada Ministerio de Marina.
9 (RLIN) 153871
245 10 - MENCIÓN DEL TÍTULO
Título Memoria del Ministro de Marina :
Resto del título presentada al Congreso Nacional.
260 ## - PUBLICACIÓN, DISTRIBUCIÓN, ETC.
Lugar de publicación, distribución, etc. Santiago de Chile :
Nombre del editor, distribuidor, etc. [Ministerio de Marina],
Fecha de publicación, distribución, etc. 1881- (
Fabricante Imp. Nacional)
300 ## - DESCRIPCIÓN FÍSICA
Extensión 3 v. ;
Dimensiones 27 cm.
310 ## - PERIODICIDAD ACTUAL
Periodicidad actual Anual
362 0# - FECHAS DE PUBLICACIÓN Y/O DESIGNACIÓN SECUENCIAL
Fecha de publicación y/o designación secuencial 1881-
610 24 - PUNTO DE ACCESO ADICIONAL DE MATERIA--NOMBRE DE ENTIDAD CORPORATIVA
Nombre de entidad corporativa o nombre de jurisdicción como elemento de entrada Chile.
Unidad subordinada Ministerio de Marina-
Subdivisión de forma Memorias.
9 (RLIN) 153872
852 4# - LOCALIZACIÓN
Ubicación ES-MaACL
Número de control de estantería G-6663-64
852 4# - LOCALIZACIÓN
Ubicación ES-MaACL
Número de control de estantería T-388-F-12 (año 1881)
Encuadernación - Enc. hol., falto de cub. original
Nota libre - Enc. en un vol. facticio
-- - Dedicatoria autógrafa de L.M. Cardozo
866 #0 - MENCIÓN TEXTUAL DE FONDOS--UNIDAD BIBLIOGRÁFICA BÁSICA
Fondos 1881, 1885-1886.
Holdings
Estatus retirado Estado de pérdida Estado de daño No para préstamo Colección Biblioteca de origen Biblioteca actual Ubicación en estantería Fecha de adquisición Fuente de adquisición Total de préstamos Signatura topográfica completa Código de barras Visto por última vez Precio de reemplazo Tipo de ítem Koha
        Periódicos y Revistas Biblioteca del Ateneo de Madrid Biblioteca del Ateneo de Madrid Depósito 2 21/11/2013     G-6663-64 1192200 23/02/2023 23/02/2023 Revista
        Colección de folletos Biblioteca del Ateneo de Madrid Biblioteca del Ateneo de Madrid Depósito folletos 21/11/2013     T-388-F-12 1192199 23/02/2023 23/02/2023 Folleto